000 00457nam a2200169Ia 4500
003 GCL
008 140319s9999 xx 000 0 eng d
040 _aGCL /
_cGCL
082 0 4 _a593.6
_bM B
100 1 _aMOJETTA, ANGELO
245 1 0 _aTHE BARRIER REEFS: A GUIDE TO THE WORLD OF CORALS /
_cMOJETTA, ANGELO
260 _a[S.N] :
_bA. A. GODDIS AND SONS PUBLISHERS ،
_c1995
300 _a168 P
650 0 4 _aCORALS
650 0 4 _aREEFS
942 _2ddc
_cBK
999 _c13260
_d13260